Estaciones de Alta Velocidad españolas con parada de AVE. - Estadísticas

Estadísticas generales
  • Esta prueba ha sido intentada 263 veces
    249 desde el último reinicio
  • La puntuación promedio es 23 de 41
Estadísticas de respuestas
Respuesta % Correcto
Barcelona Sants
91%
Valencia Joaquín Sorolla
91%
Sevilla Santa Justa
85%
Zaragoza Delicias
85%
Campo de Tarragona
79%
Alicante Terminal
78%
Málaga María Zambrano
75%
Madrid Chamartín Clara Campoamor
73%
Valladolid Campo Grande
72%
Cuenca Fernando Zóbel
70%
Toledo
70%
León
69%
Ciudad Real
68%
Córdoba
68%
Segovia Guiomar
68%
Albacete Los Llanos
67%
Murcia El Carmen
67%
Madrid Puerta de Atocha Almudena Grandes
66%
Elche AV
63%
Guadalajara Yebes
61%
Lérida Pirineos
60%
Gerona
57%
Huesca
55%
Puertollano
52%
Villena A.V.
52%
Calatayud
50%
Figueras Vilafant
49%
Medina del Campo A.V.
49%
Antequera Santa Ana
47%
Loja A.V.
45%
Zamora
43%
Orense
42%
Palencia
41%
Requena Utiel
41%
Castellón de la Plana
39%
Granada
36%
Orihuela Miguel Hernández
33%
Tardienta
28%
Puente Genil - Herrera
24%
Villanueva de Córdoba Los Pedroches
19%
Burgos Rosa de Lima
17%
No se encontraron pruebas coincidentes
Distribución de puntuación
Porcentaje de gente con cada puntuación
Porcentaje por número respondido
Historial de tus puntuaciones
No has intentado esta prueba desde el último reinicio